|
|
|
|
| LEADER |
00000nam0a2200000 4500 |
| 001 |
151559 |
| 005 |
20231031150748.0 |
| 035 |
|
|
|a (RuTPU)RU\TPU\book\164326
|
| 090 |
|
|
|a 151559
|
| 100 |
|
|
|a 20090124d1941 m y0rusy50 ca
|
| 101 |
0 |
|
|a rus
|
| 102 |
|
|
|a RU
|
| 105 |
|
|
|a a j 000zy
|
| 200 |
1 |
|
|a Краткий курс органической химии
|e учебник
|f Б. А. Павлов
|
| 205 |
|
|
|a 2-е изд., перераб.
|
| 210 |
|
|
|a Москва
|c Госхимиздат
|d 1941
|a Ленинград
|
| 215 |
|
|
|a 174 с.
|c ил.
|
| 320 |
|
|
|a Предм. указ.: с. 171-174.
|
| 610 |
1 |
|
|a органическая химия
|
| 610 |
1 |
|
|a учебники
|
| 610 |
1 |
|
|a углеводороды
|
| 610 |
1 |
|
|a нафтены
|
| 610 |
1 |
|
|a каучук
|
| 610 |
1 |
|
|a скипидар
|
| 610 |
1 |
|
|a камфора
|
| 610 |
1 |
|
|a смолы
|
| 610 |
1 |
|
|a нефть
|
| 610 |
1 |
|
|a спирты
|
| 610 |
1 |
|
|a альдегиды
|
| 610 |
1 |
|
|a карбоновые кислоты
|
| 610 |
1 |
|
|a глицерин
|
| 610 |
1 |
|
|a жиры
|
| 610 |
1 |
|
|a амины
|
| 610 |
1 |
|
|a фенолы
|
| 610 |
1 |
|
|a нитросоединения
|
| 610 |
1 |
|
|a ароматические амины
|
| 610 |
1 |
|
|a нафталин
|
| 610 |
1 |
|
|a антрацен
|
| 610 |
1 |
|
|a азокрасители
|
| 610 |
1 |
|
|a гетероциклические соединения
|
| 610 |
1 |
|
|a белковые вещества
|
| 610 |
1 |
|
|a витамины
|
| 675 |
|
|
|a 547(075.3)
|v 3
|
| 700 |
|
1 |
|a Павлов
|b Б. А.
|
| 801 |
|
1 |
|a RU
|b 63413507
|c 20090124
|g PSBO
|
| 801 |
|
2 |
|a RU
|b 63413507
|c 20100218
|g RCR
|
| 942 |
|
|
|c BK
|